000
00204 a2200109 4500
020
_a
9780884197942
041
_a
eng
100
_a
Cati, W.L
245
_a
Married to muhammed
942
_c
BK
952
_7
1
999
_c
18418
_d
18418